| 000 | 02966nam0a2200373 4500 | ||
|---|---|---|---|
| 001 | RU\NLR\BIBL_A\012877118 | ||
| 005 | 20250624211243.0 | ||
| 010 |
_a978-5-907497-48-1 _91000 |
||
| 021 |
_aRU _b2022-38724 _9КН-П-3346 |
||
| 035 | _a(RuMoRGB)011112938 | ||
| 035 | _a(NLR Aleph) 012877118 | ||
| 090 |
_a12507760 _c12507760 |
||
| 100 | _a20220829d2022 |||y0rusy50 ca | ||
| 101 | 1 | _aeng | |
| 102 | _aRU | ||
| 105 | _aa z 000zy | ||
| 181 | 0 |
_ai _baxxe |
|
| 182 | 0 | _an | |
| 200 | 1 |
_aWastewater treatment: computer technologies in solving flotation tasks using Ksenofontov models _emonograph _fKsenofontov B. S., Titov K. V. |
|
| 203 |
_aТекст _bвизуальный _cнепосредственный |
||
| 210 |
_aМосква _cНаучная библиотека _d2022 |
||
| 215 |
_a261 с. _cил. _d20 |
||
| 320 | _aБиблиогр.: с. 255-260 (76 назв.) | ||
| 330 | _aОчистка сточных вод является неотъемлемой частью практически любого технологического процесса, и поэтому данная дисциплина является универсальной для подготовки разработчиков различного уровня и всех направлений (бакалавров, магистров, аспирантов). Важнейшее место в этом направлении занимает флотация, эффективность из которых резко возрастает с использованием компьютерных технологий. Эти технологии в образовании, и особенно в такой важной области, как подготовка специалистов по очистке воды, уже стали сложными без систем компьютерной математики. В предлагаемом учебном пособии основной упор сделан на компьютерное изложение математических методов для практического решения проблемы очистки сточных вод методом флотации | ||
| 541 | 1 | _aОчистка сточных вод: компьютерные технологии в решении задач флотации с использованием моделей Ксенофонтова. | |
| 606 | 1 |
_aСточные воды _xОчистка _xФлотационные методы _91704168 _3RU\NLR\AUTH\661056794 |
|
| 675 |
_a628.1 _v4 |
||
| 686 | 1 | _aН761.204.3 | |
| 700 | 1 |
_7ba _8rus _aKsenofontov _bB. S. _f1945- _gBoris Semenovič _9246222 _3RU\NLR\AUTH\770246278 |
|
| 701 | 1 |
_7ba _8rus _aTitov _bK. V. _cканд. техн. наук _f1946- _gKonstantin Viktorovič _9246218 _3RU\NLR\AUTH\770246274 |
|
| 942 | _cBOOK | ||
| 980 | _aNB | ||